Juventus Turin Kader 2019/20 - Statistiken

Allgemein
  • Dieses Quiz wurde 255 mal gespielt
    254 seit der letzten Aktualisierung
  • Das Durchschnittsergebnis liegt bei 14 aus 24
Antwortstatistiken
Position Name % Korrekt
Sturm Cristiano Ronaldo
93%
Sturm Paulo Dybala
93%
Abwehr Leonardo Bonucci
91%
Torwart Gianluigi Buffon
88%
Abwehr Giorgio Chiellini
84%
Abwehr Alex Sandro
72%
Sturm Juan Cuadrado
68%
Sturm Gonzalo Higuain
66%
Mittelfeld Adrien Rabiot
63%
Abwehr Matthijs de Ligt
63%
Trainer Maurizio Sarri
60%
Mittelfeld Miralem Pjanic
58%
Torwart Wojciech Szczesny
56%
Abwehr Danilo
55%
Mittelfeld Blaise Matuidi
54%
Mittelfeld Sami Khedira
50%
Abwehr Daniele Rugani
47%
Sturm Douglas Costa
46%
Towart Carlo Pinsoglio
40%
Abwehr Mattia de Sciglio
36%
Abwehr Merih Demiral
34%
Mittelfeld Aaron Ramsey
32%
Sturm Federico Bernadeschi
32%
Mittelfeld Rodrigo Bentancur
31%
Keine übereinstimmenden Quizze gefunden
Verteilung der Resultate
Anzahl Personen mit jedem Resultat
Perzentil nach korrekt beantworteten Fragen
Ihre Resultats-Entwicklung
Sie haben dieses Quiz seit der letzten Aktualisierung nicht gespielt